Call of Duty Modern Warfare 3 Weapons - Statistics

General Stats
  • This quiz has been taken 4 times
  • The average score is 27 of 50
Answer Stats
Picture Answer % Correct
M4A1
100%
MP5
100%
MP7
100%
P90
100%
UMP45
100%
ACR 6.8
75%
AK-47
75%
Five Seven
75%
FMG9
75%
G18
75%
G36C
75%
M16A4
75%
MK14
75%
MSR
75%
PP90M1
75%
Riot Shield
75%
Scar-L
75%
Skorpion
75%
SPAS 12
75%
Stinger
75%
Striker
75%
USP .45
75%
.44 Magnum
50%
Barrett .50cal | Barrett
50%
CM901
50%
Desert Eagle
50%
Dragunov
50%
FAD
50%
KSG 12
50%
Model 1887
50%
MP9
50%
PKP Pecheneg
50%
RSASS
50%
SMAW
50%
Type 95
50%
AS50
25%
Javelin
25%
L118A
25%
L86 LSW
25%
M60E4
25%
MG36
25%
MK46
25%
P99
25%
PM-9
25%
RPG-7
25%
USAS 12
25%
XM25
25%
AA-12
0%
M320 GLM
0%
MP412
0%
No matching quizzes found
Score Distribution
Percent of People with Each Score
Percentile by Number Answered
Your Score History
You have not taken this quiz